Guess That Conan Gray Song!!! Vol 4 - Statistics

General Stats
  • This quiz has been taken 44 times
  • The average score is 223 of 330
Answer Stats
LYRICS % Correct
a
100%
I
100%
You
100%
you,
100%
you
100%
me
91%
in
88%
so
85%
the
85%
and
82%
And
82%
be
82%
it,
82%
When
82%
when
82%
love?
79%
what
79%
can
76%
Don't
76%
don't
76%
my
76%
this
76%
are
74%
like
74%
you're
74%
You're
74%
how
71%
I'm
71%
just
71%
know
71%
“we're
71%
on
68%
say,
68%
up,"
68%
why
68%
that
65%
Call
62%
call
62%
cry.
62%
even
62%
friends
62%
It's
62%
said
62%
Won't
62%
won't
62%
But,
59%
'cause
59%
have
59%
left
59%
Now
59%
(oh
59%
(oh)
59%
oh...
59%
for
56%
see
56%
stay
56%
try
56%
babe
53%
back
53%
breakin'
53%
feeling
53%
got
53%
hate
53%
look)
53%
past
53%
predictable
53%
telepath.
53%
telepath,
53%
telepath
53%
time
53%
Yeah,
53%
yeah...
53%
You'll
53%
Already
50%
at
50%
comin'
50%
finish
50%
from
50%
God
50%
gone
50%
I'll
50%
moving
50%
news,
50%
Old
50%
original?
50%
sentence,
50%
shame
50%
shoulda
50%
should've
50%
something
50%
that's
50%
There
50%
wanna
50%
cryin',
47%
door
47%
kiss
47%
trash
47%
drafts
44%
ends
44%
guts
44%
reused,
44%
sendin'
44%
about
41%
asking
38%
boredom
38%
Drunk
38%
hits
38%
stop
38%
Now's
35%
tryin'.
35%
perfect
32%
timing
32%
yesterday
32%
betcha,
29%
betcha
29%
return
26%
shoulda
26%
(inside)
24%
No matching quizzes found
Score Distribution
Percent of People with Each Score
Percentile by Number Answered
Your Score History
You have not taken this quiz